Movies Quiz

Random Movies or Letter Quiz

Disney Characters (A-Z) II Quiz Stats

 Plays Quiz Updated Mar 19, 2020

Support Sporcle.
Go Orange.
Score 0/25 Timer 05:00
4 Plays Today
Letter Character % Correct
BBambi
98.7%
NNemo
96.6%
JJasmine
93.8%
WWoody
93.7%
SStitch
90.4%
ZZeus
85.2%
QThe Queen of Hearts
81.9%
AAbu
81.7%
CCheshire Cat
76.7%
HHades
75.9%
MMerlin
72.1%
RRafiki
71.5%
FFlower
68.3%
Letter Character % Correct
OOliver
61.4%
KKaa
49.7%
DDot
48%
LLucifer the Cat
46.4%
PPenny
38.5%
IIchabod Crane
32.8%
TTantor
21.4%
YYao
19.3%
EElliott
18.6%
VVixey
14.7%
UUncle Waldo
8.4%
GGurgi
7.9%

From the Vault

AFI Quotes Fill-in-the-Blank

by knoxvillian

Movies 7m
You might have heard these movies misquoted hundreds of times on Twitter.
Remove Ads.
Support Sporcle.
Get the best of Sporcle when you Go Orange. This ad-free experience offers more features, more stats, and more fun while also helping to support Sporcle. Thank you for becoming a member.

Show Comments

Extras

Top Quizzes Today


Score Distribution

Your Account Isn't Verified!

In order to create a playlist on Sporcle, you need to verify the email address you used during registration. Go to your Sporcle Settings to finish the process.

Report this User

Report this user for behavior that violates our Community Guidelines.

Details: